000 00661nam a2200217Ia 4500
003 OSt
005 20220124110202.0
008 210716s2006 xx 000 0 und d
020 _a8131401901
040 _cAIMIT LIBRARY
041 _aeng
082 _a332.153
_21
_bSTHR
100 _aSthanumoorthy, R.
_914457
245 _aIndian software industry:
_bperformance and challenges /
250 _a[1st ed.]
260 _aHyderabad:
_bICFAI University Press,
_c2006.
300 _axv,198p. ;23cm.
650 _aPerformance of Indian Software Exports
_914458
650 _aDomestic Software Industry in India
_914459
942 _2ddc
_cBK
_e1st
_k332.153 STHR
999 _c202366
_d202366